Every FNaF World Attack - Statistics

General Stats
  • This quiz has been taken 124 times
  • The average score is 44 of 72
Answer Stats
answers % Correct
Bite
93%
Cupcake
89%
Pizza Wheel
89%
Unscrew
88%
Bite 2
86%
Pizza Wheel 2
86%
Unscrew 2
86%
Gift Boxes
83%
Mic Toss
83%
Toxic Bite
82%
Waterhose
82%
Hook
79%
Hot Cheese
79%
Rainy Day
79%
Waterhose 2
79%
Balloons
78%
Jumpscare
78%
Mega Bite
78%
Happy Jam
76%
4th Wall
75%
Gloom Song
75%
Slasher
75%
Freddles
74%
Mimic Ball
74%
Rainy Day 2
74%
Bad Pizza
72%
Bash Jam
72%
Hot Cheese 2
72%
Neon Wall
72%
Buzzsaw
71%
Cosmic Song
71%
Mystery Box
71%
Prize Ball
71%
Jack-O-Bomb
70%
Endo Army
68%
Party Favors
68%
Poppers
68%
Prize Ball 2
68%
Haunting
67%
Mystery Box 2
67%
Springlocks
67%
Balloons 2
66%
Toxic Bite 2
66%
Birthday
64%
Esc Key
64%
Speed Song
63%
Armor Song
62%
Regen Song
62%
Bubble Breath
59%
Happy Jam 2
59%
Munchies
59%
Sludge
58%
Mega Virus
57%
Neon Wall 2
57%
Toxic Balloon
57%
Gloom Balloon
55%
Power Song
55%
Eye Beam
51%
Hocus Pocus
45%
Alarm
33%
Snowballs
22%
Toxic Song
22%
Freddles 2
21%
4th Wall 2
17%
Rainbow Cannon
17%
Haunting 2
14%
Mimic Ball 2
11%
Rainbows
11%
Clone
7%
Tattle
7%
Byte Jam
5%
Lightning
5%
No matching quizzes found
Score Distribution
Percent of People with Each Score
Percentile by Number Answered
Your Score History
You have not taken this quiz